00568 2200193 4500001002100000005001500021008004100036020002200077035001900099041000700118082001000125090001600135100001700151245012200168260002500290300003300315500001000348650001600358INLIS00000000000140620241224112338241224||||||||| | ||| |||| || |  a978-602-8650-50-2 0010-1224001406 aid0 a372.2 a372.2 UYU p0 aUyu Wahyudin00aPenilaian Perkembangan Anak Usia Dini: Panduan Untuk Guru, Tutor, Fasilitator dan Pengelola Pendidikan Anak Usia Dini bRefika Aditamac2012 aix, 94 hlm. : ilus, ; 23 cm. aCet.2 0aIlmu Sosial